EPCI les plus peuplés de France - Statistiques

Statistiques générales
  • Ce quiz a été pris 85 fois
  • Le résultat moyen est 35 sur 50
Statistiques - réponses
Population EPCI % Correct
7 103 801 Métropole du Grand Paris
100%
1 911 311 Métropole d'Aix-Marseille-Provence
99%
467 858 Rennes Métropole
99%
1 424 069 Métropole de Lyon
97%
1 187 907 Métropole européenne de Lille
97%
560 351 Métropole Nice Côte d'Azur
97%
831 534 Bordeaux Métropole
96%
818 491 Toulouse Métropole
94%
211 920 Brest Métropole
91%
514 651 Eurométropole de Strasbourg
91%
257 193 Dijon Métropole
90%
507 526 Montpellier Méditerranée métropole
90%
449 488 Grenoble-Alpes Métropole
89%
677 879 Nantes Métropole
89%
447 804 Toulon-Provence-Méditerranée
89%
497 225 Métropole Rouen Normandie
87%
292 001 Orléans Métropole
86%
228 999 Eurométropole de Metz
84%
295 821 Clermont Auvergne Métropole
83%
265 937 Le Havre Seine Métropole
83%
256 928 Métropole du Grand Nancy
83%
297 223 Tours Métropole Val de Loire
83%
297 068 Grand Reims
81%
258 750 CA Nîmes Métropole
80%
274 685 Caen la Mer
79%
213 402 Communauté intercommunale du Nord de La Réunion
79%
272 976 Perpignan Méditerranée Métropole
79%
406 257 Saint-Étienne Métropole
79%
306 617 Angers Loire Métropole
76%
206 616 Limoges Métropole
76%
300 323 CA du Pays Basque
74%
267 857 CA Versailles Grand Parc
74%
210 423 Grand Annecy
74%
206 555 Lorient Agglomération
74%
272 677 Mulhouse Alsace Agglomération
70%
209 413 Le Mans Métropole
69%
223 777 CA Valence Romans Agglo
59%
242 587 Communaupole de Lens-Liévin
59%
215 613 Territoire de la Côte Ouest
56%
214 428 CA de Cergy-Pontoise
53%
357 664 CA Grand Paris Sud Seine-Essonne-Sénart
44%
427 896 Grand Paris Seine et Oise
36%
275 327 Béthune-Bruay, Artois-Lys Romane
30%
360 010 CA Roissy Pays de France
30%
230 021 Saint-Quentin-en-Yvelines
30%
228 864 CA Paris - Vallée de la Marne
21%
316 066 CA Communauté Paris-Saclay
20%
336 563 CA Saint-Germain Boucles de Seine
16%
206 970 CA Cœur d'Essonne Agglomération
3%
286 277 CA Val Parisis
1%
Aucun quiz correspondant
Distribution des résultats
% des personnes avec chaque résultat
Percentile par nombre de réponses
Votre historique - résultats
Vous n’avez pas pris ce quiz